000 01637cam a22004334i 4500
003 PE-LiUPU
005 20250731173210.0
008 150625s1964 nyu r 000 0 eng d
035 _a(Sirsi) a32171
040 _aPE-LiUPU
_bspa
_cPE-LiUPU
_erda
049 _aPRUA
082 0 4 _a220.7
_bAB1964
_221
100 1 _aSpeiser, E. A.,
_eautor.
245 1 4 _aThe Anchor Bible Génesis /
_cE.A. Speiser.
264 1 _aNew York :
_bDoubleday & Company,
_c1964.
300 _a378 páginas ;
_c23 centímetros.
336 _atext
_2rdacontent
337 _aunmediated
_2rdamedia
338 _avolume
_2rdacarrier
490 0 _aThe Anchor Bible ;
_v1
505 0 _aIntroduction -- The biblical process -- Introduction to the Book of Genesis -- Primeval history -- The story of the patriarchs: The story of the Patriarchs: The Story of Abraham -- The story of Jacob -- Joshep and his Brothers.
526 _aSEG42
526 _aSEG41
526 _aSEG40
526 _aSEG39
526 _aP94
526 _aP87
526 _aP86
526 _aP85
526 _aP77
526 _aP76
526 _aP35
630 0 4 _aBiblia.
_pA.T.
_pGénesis
_vComentarios.
942 _2ddc
_cBOOK
949 _a220.7 AB 1 1964
_wDEWEY
_c1
_i39026
_lCCODEBUL1
_mBUL
_p00.00
_r0
_sY
_tBOOK
_u2015-06-25
_xTEOLOGIA
_zUNKNOWN
_0COMPRA
_o.STAFF. Colección General
596 _a1
999 _a220.7 AB 1 1964
_wDEWEY
_c39801
_i39026
_d39801
_e2018-5-17
_f2021-11-9
_g5
_lCCODEBUL1
_mBUL
_n2
_p78.00
_q6
_r0
_sY
_tBOOK
_u2015-6-25
_xTEOLOGIA
_zUNKNOWN
_0COMPRA
_o.STAFF. Colección Teología
980 _81
_gALBERTO SANCHEZ Responsable de Automatización